Statistics for Guess the countries by their satellite images

Click here to take the quiz!

General Stats

  • This quiz has been taken 45 times
  • The average score is 7 of 9

Answer Stats

Answer% Correct
Japan
100%
Canada
95%
South Africa
95%
Cuba
89%
Somalia
89%
Morocco
81%
venezuela
57%
east Timor
54%
germany
51%

Score Distribution

Percentile by Number Answered

Percent of People with Each Score

Your Score History

You have not taken this quiz